<?xml version="1.0" encoding="UTF-8"?>
<collection xmlns="http://www.loc.gov/MARC21/slim">
 <record>
  <leader>01681caa a2200361 c 4500</leader>
  <controlfield tag="001">1581629915</controlfield>
  <controlfield tag="003">DE-627</controlfield>
  <controlfield tag="005">20220815024619.0</controlfield>
  <controlfield tag="007">cr uuu---uuuuu</controlfield>
  <controlfield tag="008">181008s2016    xx |||||oo    00| ||ger c</controlfield>
  <datafield tag="035" ind1=" " ind2=" ">
   <subfield code="a">(DE-627)1581629915</subfield>
  </datafield>
  <datafield tag="035" ind1=" " ind2=" ">
   <subfield code="a">(DE-576)511629915</subfield>
  </datafield>
  <datafield tag="035" ind1=" " ind2=" ">
   <subfield code="a">(DE-599)BSZ511629915</subfield>
  </datafield>
  <datafield tag="035" ind1=" " ind2=" ">
   <subfield code="a">(OCoLC)1341019631</subfield>
  </datafield>
  <datafield tag="040" ind1=" " ind2=" ">
   <subfield code="a">DE-627</subfield>
   <subfield code="b">ger</subfield>
   <subfield code="c">DE-627</subfield>
   <subfield code="e">rda</subfield>
  </datafield>
  <datafield tag="041" ind1=" " ind2=" ">
   <subfield code="a">ger</subfield>
  </datafield>
  <datafield tag="100" ind1="1" ind2=" ">
   <subfield code="a">Stephan-Kaissis, Christine</subfield>
   <subfield code="e">VerfasserIn</subfield>
   <subfield code="0">(DE-588)1049723929</subfield>
   <subfield code="0">(DE-627)782522254</subfield>
   <subfield code="0">(DE-576)352665610</subfield>
   <subfield code="4">aut</subfield>
  </datafield>
  <datafield tag="245" ind1="1" ind2="0">
   <subfield code="a">[Rezension von: Carolyn L. Connor: Saints and spectacle]</subfield>
   <subfield code="c">Christine Stephan-Kaissis</subfield>
  </datafield>
  <datafield tag="264" ind1=" " ind2="1">
   <subfield code="c">[2016]</subfield>
  </datafield>
  <datafield tag="300" ind1=" " ind2=" ">
   <subfield code="a">?</subfield>
  </datafield>
  <datafield tag="336" ind1=" " ind2=" ">
   <subfield code="a">Text</subfield>
   <subfield code="b">txt</subfield>
   <subfield code="2">rdacontent</subfield>
  </datafield>
  <datafield tag="337" ind1=" " ind2=" ">
   <subfield code="a">Computermedien</subfield>
   <subfield code="b">c</subfield>
   <subfield code="2">rdamedia</subfield>
  </datafield>
  <datafield tag="338" ind1=" " ind2=" ">
   <subfield code="a">Online-Ressource</subfield>
   <subfield code="b">cr</subfield>
   <subfield code="2">rdacarrier</subfield>
  </datafield>
  <datafield tag="500" ind1=" " ind2=" ">
   <subfield code="a">Gesehen am 08.10.2018</subfield>
  </datafield>
  <datafield tag="655" ind1=" " ind2="7">
   <subfield code="a">Rezension</subfield>
   <subfield code="0">(DE-588)4049712-4</subfield>
   <subfield code="0">(DE-627)106186019</subfield>
   <subfield code="0">(DE-576)209083166</subfield>
   <subfield code="2">gnd-content</subfield>
  </datafield>
  <datafield tag="773" ind1="0" ind2="8">
   <subfield code="i">Enthalten in</subfield>
   <subfield code="t">Sehepunkte</subfield>
   <subfield code="d">München : Ludwig-Maximilians-Univ., 2001</subfield>
   <subfield code="g">16(2016), 12, Seite ?</subfield>
   <subfield code="h">Online-Ressource</subfield>
   <subfield code="w">(DE-627)33678273X</subfield>
   <subfield code="w">(DE-600)2062440-2</subfield>
   <subfield code="w">(DE-576)117978736</subfield>
   <subfield code="x">1618-6168</subfield>
   <subfield code="7">nnas</subfield>
  </datafield>
  <datafield tag="773" ind1="1" ind2="8">
   <subfield code="g">volume:16</subfield>
   <subfield code="g">year:2016</subfield>
   <subfield code="g">number:12</subfield>
   <subfield code="g">pages:?</subfield>
   <subfield code="g">extent:?</subfield>
  </datafield>
  <datafield tag="787" ind1="0" ind2="8">
   <subfield code="i">Rezension von</subfield>
   <subfield code="a">Connor, Carolyn L., 1943 - </subfield>
   <subfield code="t">Saints and spectacle</subfield>
   <subfield code="b">First edition</subfield>
   <subfield code="d">New York : Oxford University Press, 2016</subfield>
   <subfield code="h">xvii, 212 Seiten</subfield>
   <subfield code="w">(DE-627)844053805</subfield>
   <subfield code="w">(DE-576)469300442</subfield>
   <subfield code="z">9780190457624</subfield>
   <subfield code="z">9780190457631</subfield>
  </datafield>
  <datafield tag="856" ind1="4" ind2="0">
   <subfield code="u">http://www.sehepunkte.de/2016/12/29289.html</subfield>
   <subfield code="x">Verlag</subfield>
   <subfield code="z">kostenfrei</subfield>
   <subfield code="3">Volltext</subfield>
   <subfield code="7">0</subfield>
  </datafield>
  <datafield tag="951" ind1=" " ind2=" ">
   <subfield code="a">AR</subfield>
  </datafield>
  <datafield tag="994" ind1=" " ind2=" ">
   <subfield code="u">http://www.gbv.de/dms/bowker/toc/9780190457624.pdf</subfield>
  </datafield>
  <datafield tag="991" ind1=" " ind2=" ">
   <subfield code="a">Rezension (Monographie, Zeitschrift, Aufsatz)</subfield>
  </datafield>
  <datafield tag="999" ind1=" " ind2=" ">
   <subfield code="a">KXP-PPN1581629915</subfield>
   <subfield code="e">497880339X</subfield>
  </datafield>
 </record>
</collection>
